[Event "Monaco Sulava Memorial 1st"]
[Site "Monte Carlo"]
[Date "2019.11.29"]
[Round "8"]
[White "Tortorella, Giancarlo"]
[Black "Verot, Melanie"]
[Result "0-1"]
[WhiteElo "1756"]
[BlackElo "2031"]
[PlyCount "82"]
[EventDate "2019.11.29"]
[EventType "swiss"]
[EventRounds "9"]
[EventCountry "MNC"]
[SourceTitle "CBM 193 Extra"]
[Source "ChessBase"]
[SourceDate "2020.01.31"]
[SourceVersion "1"]
[SourceVersionDate "2020.01.31"]
[SourceQuality "1"]

1. e4 c5 2. d4 cxd4 3. c3 d3 4. c4 d6 5. Bxd3 Nc6 6. Nc3 Nf6 7. Nf3 g6 8. 0-0 Bg7 9. h3 0-0 10. Be3 Nd7 11. Rb1 Nde5 12. Be2 a5 13. Nd5 Nb4 14. Bb6 Qd7 15. a3 Nxd5 16. cxd5 Nxf3+ 17. Bxf3 Qb5 18. Bd4 Bh6 19. Be2 Qe8 20. Qd3 f5 21. Bf3 Qf7 22. Qb5 e6 23. Qb6 Ra6 24. Qb3 e5 25. Bc3 fxe4 26. Bxe4 Qf4 27. Rbe1 Qg5 28. Re3 Qh4 29. Rg3 Bf4 30. Rf3 Qh5 31. Bd3 Ra8 32. Re1 a4 33. Qc2 Bd7 34. Be2 Qg5 35. Rd1 Bf5 36. Qd2 Bxd2 37. Rxd2 e4 38. Rg3 Qe7 39. Bg4 Bxg4 40. Rxg4 e3 41. Re2 exf2+ 0-1

[Event "Monaco Sulava Memorial 1st"]
[Site "Monte Carlo"]
[Date "2019.11.29"]
[Round "7"]
[White "Verot, Melanie"]
[Black "Pouvillon, Loan"]
[Result "0-1"]
[WhiteElo "2031"]
[BlackElo "1388"]
[PlyCount "106"]
[EventDate "2019.11.29"]
[EventType "swiss"]
[EventRounds "9"]
[EventCountry "MNC"]
[SourceTitle "CBM 193 Extra"]
[Source "ChessBase"]
[SourceDate "2020.01.31"]
[SourceVersion "1"]
[SourceVersionDate "2020.01.31"]
[SourceQuality "1"]

1. b3 e5 2. Bb2 Nc6 3. d3 d5 4. Nf3 Bd6 5. Nbd2 Nf6 6. e4 d4 7. Be2 0-0 8. 0-0 Be6 9. Nc4 Qd7 10. c3 Bxc4 11. bxc4 dxc3 12. Bxc3 Rad8 13. Rb1 b6 14. Qc2 Rfe8 15. Rfd1 Bc5 16. Qb2 Nd4 17. Nxd4 Bxd4 18. Bxd4 Qxd4 19. Qxd4 Rxd4 20. Rb5 Nd7 21. a4 Nc5 22. a5 Red8 23. axb6 axb6 24. h3 f6 25. Ra1 R8d7 26. Ra8+ Kf7 27. Bg4 Re7 28. Rc8 Nxd3 29. Rd5 Rxd5 30. exd5 Nc5 31. Kf1 g6 32. d6 cxd6 33. Rc6 f5 34. Be2 Rd7 35. Rxb6 Ne6 36. Bf3 e4 37. Bd1 Nc5 38. h4 d5 39. cxd5 Rxd5 40. Ke2 Rd7 41. Rb5 Nd3 42. Bb3+ Kf6 43. Rb6+ Kg7 44. h5 Kh6 45. hxg6 hxg6 46. Ba4 Rc7 47. Be8 Nf4+ 48. Ke3 Nxg2+ 49. Kd4 Rg7 50. Ke5 e3 51. fxe3 Nxe3 52. Rb3 Re7+ 53. Kf4 Rxe8 0-1

[Event "FRA-chT Top 12"]
[Site "Brest"]
[Date "2019.05.27"]
[Round "10.8"]
[White "Verot, Melanie"]
[Black "Bolon, Karelle"]
[Result "1-0"]
[WhiteElo "2069"]
[BlackElo "2018"]
[PlyCount "69"]
[EventDate "2019.05.18"]
[EventType "team-tourn"]
[EventRounds "11"]
[EventCountry "FRA"]
[SourceTitle "CBM 190 Extra"]
[Source "ChessBase"]
[SourceDate "2019.07.15"]
[SourceVersion "1"]
[SourceVersionDate "2019.07.15"]
[SourceQuality "1"]
[WhiteTeam "Cannes"]
[BlackTeam "Tours Hauts de France St Quentin"]
[WhiteTeamCountry "FRA"]
[BlackTeamCountry "FRA"]

1. c4 e5 2. g3 Nc6 3. Bg2 g6 4. Nc3 Bg7 5. d3 d6 6. Nd5 Nce7 7. Bg5 f6 8. Bd2 c6 9. Nc3 Nh6 10. Qc2 Be6 11. Ne4 Nf7 12. Nf3 h6 13. Bc3 f5 14. Ned2 d5 15. e3 d4 16. exd4 exd4 17. Bb4 Rc8 18. 0-0 c5 19. Ba3 a5 20. Rfe1 Bd7 21. Nh4 Qb6 22. Nb3 Ne5 23. Qe2 a4 24. Nxd4 cxd4 25. f4 g5 26. Qh5+ Kd8 27. Bxe7+ Kc7 28. fxe5 Be8 29. Bd6+ Kd8 30. Qf3 gxh4 31. Qf4 Ra8 32. Qxh4+ Kc8 33. Qe7 Rg8 34. Qe6+ Kd8 35. Qxg8 1-0

[Event "FRA-chT Top 12"]
[Site "Brest"]
[Date "2019.05.23"]
[Round "6.8"]
[White "Verot, Melanie"]
[Black "Fruteau, Sabine"]
[Result "0-1"]
[WhiteElo "2069"]
[BlackElo "2015"]
[PlyCount "66"]
[EventDate "2019.05.18"]
[EventType "team-tourn"]
[EventRounds "11"]
[EventCountry "FRA"]
[SourceTitle "CBM 190 Extra"]
[Source "ChessBase"]
[SourceDate "2019.07.15"]
[SourceVersion "1"]
[SourceVersionDate "2019.07.15"]
[SourceQuality "1"]
[WhiteTeam "Cannes"]
[BlackTeam "Gonfreville"]
[WhiteTeamCountry "FRA"]
[BlackTeamCountry "FRA"]

1. d4 Nf6 2. Nf3 d5 3. e3 g6 4. Bd3 Bg7 5. Nbd2 0-0 6. 0-0 c5 7. b3 Nc6 8. a3 b6 9. Bb2 Bb7 10. Rc1 Rc8 11. Qe2 e6 12. c4 Qe7 13. h3 Rfd8 14. Rfd1 Ne8 15. cxd5 exd5 16. Nf1 cxd4 17. exd4 Qxe2 18. Bxe2 Nd6 19. Ne3 Ne4 20. b4 h5 21. Bd3 Ne7 22. Ne5 Bh6 23. Rxc8 Rxc8 24. Bxe4 dxe4 25. N3c4 Bd5 26. Nd6 Rc2 27. Ba1 e3 28. f3 e2 29. Re1 Be3+ 30. Kh2 Bf2 31. Bc3 Bxe1 32. Bxe1 Rc1 33. Nd3 Rd1 0-1

[Event "FRA-chT Top 12"]
[Site "Brest"]
[Date "2019.05.22"]
[Round "5.8"]
[White "De Seroux, Camille"]
[Black "Verot, Melanie"]
[Result "1-0"]
[WhiteElo "2143"]
[BlackElo "2069"]
[PlyCount "91"]
[EventDate "2019.05.18"]
[EventType "team-tourn"]
[EventRounds "11"]
[EventCountry "FRA"]
[SourceTitle "CBM 190 Extra"]
[Source "ChessBase"]
[SourceDate "2019.07.15"]
[SourceVersion "1"]
[SourceVersionDate "2019.07.15"]
[SourceQuality "1"]
[WhiteTeam "Nice Alekhine"]
[BlackTeam "Cannes"]
[WhiteTeamCountry "FRA"]
[BlackTeamCountry "FRA"]

1. e4 c5 2. Nc3 Nc6 3. Bb5 Nd4 4. Bc4 e6 5. Nf3 Nf6 6. 0-0 a6 7. d3 b5 8. Bb3 Nxb3 9. axb3 Bb7 10. e5 b4 11. Nb1 Nd5 12. Nbd2 d6 13. Nc4 dxe5 14. Nfxe5 Bd6 15. Qg4 Bxe5 16. Nxe5 Qf6 17. Re1 h5 18. Qg3 h4 19. Qg4 Ne7 20. h3 Qf5 21. Ra5 Qxg4 22. Nxg4 Rc8 23. Ne5 Nd5 24. Nc4 Ke7 25. Re4 f6 26. Re2 g5 27. f3 Rhg8 28. Bd2 f5 29. Ne5 Nf4 30. Rf2 Nd5 31. Be1 Rc7 32. Re2 Nf4 33. Rd2 Kf6 34. Rxc5 Rh7 35. d4 g4 36. fxg4 Ng6 37. Rf2 Rd8 38. Nxg6 Kxg6 39. gxf5+ exf5 40. Rcxf5 Bd5 41. Bxb4 Be4 42. Rf6+ Kh5 43. Re2 Rxd4 44. Bc3 Rd1+ 45. Kf2 Bg6 46. Bd2 1-0

[Event "Espalion op 2nd"]
[Site "Espalion"]
[Date "2017.07.19"]
[Round "6"]
[White "Verot, Melanie"]
[Black "Moingt, Jean Claude"]
[Result "1-0"]
[WhiteElo "2024"]
[BlackElo "2155"]
[PlyCount "73"]
[EventDate "2017.07.15"]
[EventType "swiss"]
[EventRounds "9"]
[EventCountry "FRA"]
[SourceTitle "CBM 179 Extra"]
[Source "ChessBase"]
[SourceDate "2017.08.23"]
[SourceVersion "1"]
[SourceVersionDate "2017.08.23"]
[SourceQuality "1"]

1. e4 c5 2. Nf3 Nc6 3. c4 g6 4. d4 cxd4 5. Nxd4 Nf6 6. Nc3 Nxd4 7. Qxd4 d6 8. c5 Bg7 9. Bb5+ Bd7 10. Bxd7+ Qxd7 11. cxd6 0-0 12. 0-0 Ne8 13. Qd5 e6 14. Qd3 Qxd6 15. Qxd6 Nxd6 16. Bf4 Nc4 17. Nb5 Nxb2 18. Rab1 Nd3 19. Be3 b6 20. Rfd1 Rfd8 21. Nxa7 Nc5 22. Rxd8+ Rxd8 23. Nc6 Rd6 24. Ne7+ Kf8 25. Nc8 Rd8 26. Nxb6 Nxe4 27. a4 Nc3 28. Re1 Rd3 29. Kf1 Ke8 30. a5 Nb5 31. Rc1 Be5 32. a6 Bxh2 33. Ke2 Ra3 34. Rc8+ Ke7 35. Bc5+ Bd6 36. Bxa3 Bxa3 37. a7 1-0

[Event "Espalion op 2nd"]
[Site "Espalion"]
[Date "2017.07.15"]
[Round "1"]
[White "Deceuninck, Andre"]
[Black "Verot, Melanie"]
[Result "0-1"]
[WhiteElo "1578"]
[BlackElo "2024"]
[PlyCount "70"]
[EventDate "2017.07.15"]
[EventType "swiss"]
[EventRounds "9"]
[EventCountry "FRA"]
[SourceTitle "CBM 179 Extra"]
[Source "ChessBase"]
[SourceDate "2017.08.23"]
[SourceVersion "1"]
[SourceVersionDate "2017.08.23"]
[SourceQuality "1"]

1. c4 e6 2. g3 d5 3. e3 Nf6 4. Bg2 c6 5. Ne2 Be7 6. b3 0-0 7. Bb2 Na6 8. 0-0 dxc4 9. bxc4 Qd3 10. Nbc3 Qxc4 11. d4 Nb4 12. Nf4 Nbd5 13. Nfe2 Nxc3 14. Nxc3 Nd5 15. Ne4 f5 16. Nd2 Qd3 17. Re1 Bb4 18. Nc4 Qxd1 19. Rexd1 Bd7 20. Rd3 Be8 21. Rb3 b5 22. Ne5 a5 23. a4 Rc8 24. Nd3 bxa4 25. Rxa4 c5 26. Raxb4 cxb4 27. Nc5 Kf7 28. e4 fxe4 29. Bxe4 Bb5 30. Rf3+ Ke7 31. Rxf8 Rxf8 32. Bxh7 a4 33. Ne4 Rh8 34. Ng5 Rc8 35. Nf3 a3 0-1

[Event "FRA-chT Top 12 (Women) GpB"]
[Site "Mulhouse"]
[Date "2017.05.07"]
[Round "4.2"]
[White "Safranska, Anda"]
[Black "Verot, Melanie"]
[Result "1/2-1/2"]
[WhiteElo "2211"]
[BlackElo "2047"]
[PlyCount "73"]
[EventDate "2017.05.05"]
[EventType "team-tourn"]
[EventRounds "5"]
[EventCountry "FRA"]
[SourceTitle "CBM 178 Extra"]
[Source "ChessBase"]
[SourceDate "2017.06.22"]
[SourceVersion "1"]
[SourceVersionDate "2017.06.22"]
[SourceQuality "1"]
[WhiteTeam "Evry (W)"]
[BlackTeam "Cannes (W)"]
[WhiteTeamCountry "FRA"]
[BlackTeamCountry "FRA"]

1. e4 e5 2. Bc4 Nf6 3. d3 Be7 4. Nf3 d6 5. 0-0 0-0 6. a4 c6 7. Bb3 Bg4 8. h3 Bh5 9. Nbd2 Nbd7 10. c3 d5 11. Bc2 Qc7 12. Re1 Rfd8 13. Qe2 Rac8 14. Nf1 dxe4 15. dxe4 Bg6 16. Ng3 Nc5 17. Nh4 Ne6 18. Nhf5 Bf8 19. Qf3 b5 20. Nh4 b4 21. Nxg6 hxg6 22. a5 Nf4 23. Be3 c5 24. Nf1 c4 25. Bxf4 exf4 26. e5 Nd5 27. Be4 Ne7 28. Qxf4 Nc6 29. Bxc6 Qxc6 30. Ng3 Qe6 31. Ne4 Be7 32. cxb4 Bxb4 33. Re2 Qf5 34. Qxf5 gxf5 35. Ng3 g6 36. Rc2 Rd5 37. a6 1/2-1/2

[Event "FRA-chT Top 12 (Women) GpA"]
[Site "Mulhouse"]
[Date "2016.05.07"]
[Round "3.3"]
[White "Hamdouchi, Adina Maria"]
[Black "Verot, Melanie"]
[Result "1-0"]
[WhiteElo "2209"]
[BlackElo "2042"]
[PlyCount "159"]
[EventDate "2016.05.05"]
[EventType "team-tourn"]
[EventRounds "5"]
[EventCountry "FRA"]
[SourceTitle "CBM 172 Extra"]
[Source "ChessBase"]
[SourceDate "2016.06.21"]
[SourceVersion "1"]
[SourceVersionDate "2016.06.21"]
[SourceQuality "1"]
[WhiteTeam "Montpellier (W)"]
[BlackTeam "Cannes (W)"]
[WhiteTeamCountry "FRA"]
[BlackTeamCountry "FRA"]

1. d4 d5 2. Bf4 Nf6 3. e3 e6 4. Nf3 Bd6 5. Bg3 0-0 6. Bd3 Nbd7 7. Nbd2 b6 8. e4 dxe4 9. Nxe4 Be7 10. Qe2 Bb7 11. 0-0-0 Nxe4 12. Bxe4 Bxe4 13. Qxe4 Nf6 14. Qb7 Bd6 15. Kb1 Qe8 16. c4 Qa4 17. Ne5 Rab8 18. Qf3 Rbd8 19. b3 Qa3 20. Bh4 Be7 21. Bg5 Rfe8 22. Nc6 Rd7 23. Bc1 Qa6 24. a4 b5 25. axb5 Qb6 26. Nxe7+ Rdxe7 27. Ba3 Rd7 28. Bc5 Qb8 29. Rhe1 Rdd8 30. Ba3 Qc8 31. Qc6 e5 32. dxe5 Rxd1+ 33. Rxd1 Qf5+ 34. Ka1 Qxe5+ 35. Bb2 Qe2 36. Qf3 Qe7 37. Qd3 h6 38. f3 Qb4 39. Qc3 Qc5 40. Qd4 Qb4 41. Qc3 Qc5 42. b4 Qf2 43. Rd2 Qg1+ 44. Ka2 Qxh2 45. Qd4 Qg3 46. Qxa7 Qe1 47. Qf2 Qe6 48. Kb3 Nd7 49. Qd4 Nf6 50. Qc5 Qe1 51. Qf2 Qe6 52. Bd4 Qf5 53. Bxf6 Qxf6 54. Qd4 Qf5 55. Qd3 Qg5 56. Re2 Rd8 57. Qe3 Qf5 58. Qe4 Qd7 59. Rc2 Qd1 60. Kb2 Qd6 61. Kc3 Qf6+ 62. Kb3 Rd4 63. Qe8+ Kh7 64. Rc3 Qg6 65. Qe2 Qb1+ 66. Qb2 Qe1 67. Qc2+ Kg8 68. Rd3 Rxd3+ 69. Qxd3 Qg3 70. Qe2 Qd6 71. Qe8+ Kh7 72. Qe4+ Kg8 73. c5 Qd1+ 74. Kc4 Qf1+ 75. Qd3 Qc1+ 76. Kd5 Qb2 77. Qe4 Qf6 78. Qe5 Qh4 79. Qe8+ Kh7 80. Qe4+ 1-0

[Event "Villandry Lallemand Memorial op"]
[Site "Villandry"]
[Date "2013.05.11"]
[Round "5"]
[White "Safranska, Anda"]
[Black "Verot, Melanie"]
[Result "1-0"]
[WhiteElo "2322"]
[BlackElo "2047"]
[PlyCount "109"]
[EventDate "2013.05.11"]
[EventType "swiss (rapid)"]
[EventRounds "9"]
[EventCountry "FRA"]
[SourceTitle "EXT 2014"]
[Source "ChessBase"]
[SourceDate "2013.11.20"]
[SourceVersion "1"]
[SourceVersionDate "2013.11.20"]
[SourceQuality "1"]

1. Nf3 Nf6 2. g3 d5 3. Bg2 c5 4. 0-0 e6 5. d3 Be7 6. Nbd2 0-0 7. e4 Nc6 8. Re1 dxe4 9. dxe4 e5 10. c3 h6 11. Qe2 Be6 12. Nh4 Qd7 13. Nf1 Bg4 14. Bf3 Bh3 15. Ne3 g6 16. Nd5 g5 17. Rd1 Qc8 18. Qb5 Nxd5 19. exd5 a6 20. Qe2 Na5 21. d6 Bf6 22. Ng2 Rd8 23. Ne3 Qb8 24. Nc4 Nxc4 25. Qxc4 Rxd6 26. Rxd6 Qxd6 27. Be3 b5 28. Qxc5 Qxc5 29. Bxc5 Rd8 30. Be3 Bf5 31. Kf1 Bd3+ 32. Ke1 e4 33. Be2 Kf8 34. a4 b4 35. Bc5+ Be7 36. cxb4 Bxc5 37. bxc5 Rb8 38. Bxd3 exd3 39. Ra2 Rb3 40. Kd2 Ke7 41. f3 Kd7 42. Ra1 Rxb2+ 43. Kxd3 Kc6 44. Rc1 Rb3+ 45. Ke4 Rb4+ 46. Kf5 Rxa4 47. Kf6 Ra3 48. f4 Rf3 49. Rc4 gxf4 50. gxf4 Rf2 51. h4 Rg2 52. Kxf7 Rg4 53. h5 Kd5 54. Ra4 Rxf4+ 55. Rxf4 1-0

[Event "FRA-chT Top 12 (Women)"]
[Site "Montpellier"]
[Date "2012.01.21"]
[Round "?"]
[White "Verot, Melanie"]
[Black "Steil Antoni, Fiona"]
[Result "1/2-1/2"]
[WhiteElo "2080"]
[BlackElo "2133"]
[PlyCount "97"]
[EventDate "2012.01.20"]
[EventType "team-match"]
[EventRounds "3"]
[EventCountry "FRA"]
[SourceTitle "EXT 2014"]
[Source "ChessBase"]
[SourceDate "2013.11.20"]
[SourceVersion "1"]
[SourceVersionDate "2013.11.20"]
[SourceQuality "1"]

1. d4 d5 2. c4 dxc4 3. Nf3 c6 4. e3 Be6 5. Nc3 Nf6 6. Ne5 b5 7. a4 Nd5 8. axb5 Nxc3 9. bxc3 cxb5 10. Qf3 Nd7 11. Nc6 Qc7 12. Nb4 Nb6 13. Na6 Qc8 14. Qg3 Kd8 15. Be2 Bd5 16. Bf3 e6 17. 0-0 h5 18. Nc5 Qc7 19. Qg5+ Qe7 20. e4 Bc6 21. d5 Qxg5 22. Bxg5+ Kc8 23. Nxe6 fxe6 24. dxc6 e5 25. g4 Kc7 26. gxh5 Kxc6 27. Ra6 Bc5 28. Rd1 Rhf8 29. Kg2 Kb7 30. Ra2 a6 31. Bg4 Na4 32. Rc2 Rxf2+ 33. Rxf2 Bxf2 34. Kxf2 Nxc3 35. Rd7+ Kc6 36. Ke3 b4 37. Rxg7 b3 38. Rg6+ Kb5 39. Bd7+ Ka5 40. Bh4 Nd1+ 41. Kd2 b2 42. Kc2 Rb8 43. Be1+ c3 44. Kb1 Rb4 45. Rg2 Rxe4 46. Bxc3+ Nxc3+ 47. Kxb2 Nd1+ 48. Kc1 Nc3 49. Rg5 1/2-1/2

[Event "FRA-chT Top 12 (Women)"]
[Site "Montpellier"]
[Date "2012.01.20"]
[Round "?"]
[White "Bollengier, Andreea"]
[Black "Verot, Melanie"]
[Result "1-0"]
[WhiteElo "2238"]
[BlackElo "2080"]
[PlyCount "101"]
[EventDate "2012.01.20"]
[EventType "team-match"]
[EventRounds "3"]
[EventCountry "FRA"]
[SourceTitle "EXT 2014"]
[Source "ChessBase"]
[SourceDate "2013.11.20"]
[SourceVersion "1"]
[SourceVersionDate "2013.11.20"]
[SourceQuality "1"]

1. c4 c5 2. Nf3 Nf6 3. g3 e6 4. Bg2 d5 5. 0-0 Be7 6. cxd5 exd5 7. d4 0-0 8. Nc3 Nc6 9. dxc5 d4 10. Na4 Bf5 11. b3 Ne4 12. Bb2 Bf6 13. Rc1 Qd7 14. Nd2 Nxd2 15. Qxd2 Rad8 16. Rfd1 Bh3 17. Bh1 Rfe8 18. b4 Ne5 19. c6 Nxc6 20. Nc5 Qg4 21. Bf3 Qf5 22. Nxb7 Ne5 23. Bh1 Ng4 24. f3 Ne3 25. Nxd8 Nxd1 26. Nxf7 Nxb2 27. Nd6 Qe6 28. Nxe8 Qxe8 29. Bg2 Bxg2 30. Kxg2 Na4 31. Rc7 a6 32. Qd3 Bd8 33. Rc8 Nb6 34. Rb8 h6 35. Qxa6 Nd7 36. Rc8 Nb6 37. Rb8 Nd7 38. Ra8 Nb6 39. Rb8 Nd7 40. Qb5 Kh7 41. Rb7 Nf6 42. Qxe8 Nxe8 43. Rb8 Be7 44. Rxe8 Bxb4 45. Rd8 Bc3 46. Rd6 Kg8 47. f4 Kf7 48. Kf3 Ke7 49. Rd5 Ke6 50. Ke4 g6 51. Rxd4 1-0

[Event "FRA-chT Top 12 (Women)"]
[Site "Le Port Marly"]
[Date "2011.06.25"]
[Round "1"]
[White "Fischer, Julie"]
[Black "Verot, Melanie"]
[Result "1-0"]
[WhiteElo "1863"]
[BlackElo "2108"]
[PlyCount "107"]
[EventDate "2011.06.25"]
[EventType "team-match"]
[EventRounds "2"]
[EventCountry "FRA"]
[SourceTitle "CBM 143 Extra"]
[Source "ChessBase"]
[SourceDate "2011.08.29"]
[SourceVersion "1"]
[SourceVersionDate "2011.08.29"]
[SourceQuality "1"]
[WhiteTeam "Bischwiller (W)"]
[BlackTeam "Cannes (W)"]
[WhiteTeamCountry "FRA"]
[BlackTeamCountry "FRA"]

1. e4 c5 2. Nf3 e6 3. d4 cxd4 4. Nxd4 d6 5. Nc3 a6 6. a4 b6 7. Bd3 Bb7 8. 0-0 Nd7 9. Nb3 Ngf6 10. f4 Be7 11. Qe2 Qc7 12. Bd2 h5 13. Rae1 e5 14. Qf3 0-0 15. Nd5 Qd8 16. fxe5 Nxd5 17. exd5 Nxe5 18. Rxe5 dxe5 19. Qxh5 f5 20. Bxf5 Rxf5 21. Rxf5 Qxd5 22. Qg6 Rf8 23. Rxf8+ Bxf8 24. Be3 b5 25. axb5 axb5 26. Nd2 b4 27. Nf3 Qd1+ 28. Kf2 Qd6 29. Qh5 Bxf3 30. Qxf3 Be7 31. c3 bxc3 32. bxc3 Qd3 33. Qc6 Qc2+ 34. Kg3 Bf6 35. Qd5+ Kh8 36. c4 Qg6+ 37. Kf2 Qf5+ 38. Qf3 Qc2+ 39. Qe2 Qf5+ 40. Kg3 Qe4 41. h3 Kg8 42. c5 Qg6+ 43. Kh2 e4 44. Qc4+ Kh8 45. Qd5 Bh4 46. Qe5 Be1 47. Qd6 Qf7 48. c6 Ba5 49. Bf4 Bb4 50. Qe5 Bc3 51. Qxe4 Ba5 52. Qe5 Bc3 53. Qd6 g5 54. Be5+ 1-0

[Event "FRA-chT Top 12 (Women) GpB"]
[Site "Sartrouville"]
[Date "2011.02.13"]
[Round "4.4"]
[White "Piquemal, Christiane"]
[Black "Verot, Melanie"]
[Result "0-1"]
[WhiteElo "2053"]
[BlackElo "2117"]
[PlyCount "92"]
[EventDate "2011.02.11"]
[EventType "team-tourn"]
[EventRounds "4"]
[EventCountry "FRA"]
[SourceTitle "EXT 2012"]
[Source "ChessBase"]
[SourceDate "2011.11.24"]
[SourceVersion "1"]
[SourceVersionDate "2011.11.24"]
[SourceQuality "1"]
[WhiteTeam "Montpellier (W)"]
[BlackTeam "Cannes (W)"]
[WhiteTeamCountry "FRA"]
[BlackTeamCountry "FRA"]

1. Nf3 g6 2. g3 Bg7 3. Bg2 Nf6 4. 0-0 c5 5. d3 0-0 6. Nbd2 Nc6 7. e4 d5 8. Re1 dxe4 9. Nxe4 Nxe4 10. dxe4 Qxd1 11. Rxd1 Bg4 12. Rd5 Rad8 13. c3 b6 14. Bf4 Be6 15. Rxd8 Rxd8 16. Bf1 Bg4 17. Kg2 h6 18. Bb5 Nb8 19. Bc4 g5 20. Be3 Nd7 21. Bb5 Nf6 22. Nd2 Bc8 23. Bc6 Ng4 24. Nf1 Ne5 25. Bd5 e6 26. Bb3 Bb7 27. f3 g4 28. Bd1 gxf3+ 29. Bxf3 f5 30. Nd2 Nxf3 31. Kxf3 fxe4+ 32. Kf4 e5+ 33. Kf5 Bd5 34. c4 Rf8+ 35. Kg4 Be6+ 36. Kh5 Rf5+ 37. Kg6 Rf6+ 38. Kh5 Rf5+ 39. Kg6 Rf8 40. Kh5 Kh7 41. Rf1 Rxf1 42. Nxf1 Bxc4 43. Nd2 Be2+ 44. g4 Bd3 45. b3 Bf6 46. h4 Bb5 0-1

[Event "FRA-chT1 1011"]
[Site "France"]
[Date "2010.10.17"]
[Round "1.8"]
[White "Forestier, Carole"]
[Black "Verot, Melanie"]
[Result "1/2-1/2"]
[WhiteElo "2089"]
[BlackElo "2124"]
[PlyCount "56"]
[EventDate "2010.10.17"]
[EventType "team-tourn"]
[EventRounds "11"]
[EventCountry "FRA"]
[SourceTitle "EXT 2012"]
[Source "ChessBase"]
[SourceDate "2011.11.24"]
[SourceVersion "1"]
[SourceVersionDate "2011.11.24"]
[SourceQuality "1"]

1. d4 d5 2. Bf4 Nf6 3. Nf3 e6 4. e3 Bd6 5. Bxd6 Qxd6 6. c3 0-0 7. Bd3 Nbd7 8. Nbd2 e5 9. dxe5 Nxe5 10. Nxe5 Qxe5 11. 0-0 Ne4 12. Nf3 Qe7 13. h3 Bf5 14. Qc2 Bg6 15. Rfd1 c5 16. c4 Rad8 17. cxd5 Rxd5 18. Qb3 Rfd8 19. Bc4 Rxd1+ 20. Rxd1 Rxd1+ 21. Qxd1 h6 22. Qd5 Qd6 23. Qxd6 Nxd6 24. Bd5 Be4 25. Bxe4 Nxe4 26. Kf1 Kf8 27. Ke2 Ke7 28. Nd2 Nxd2 1/2-1/2

[Event "FRA-chT1 0910"]
[Site "France"]
[Date "2009.12.12"]
[Round "6.8"]
[White "Verot, Melanie"]
[Black "Wilson, Alexandra"]
[Result "1-0"]
[WhiteElo "2116"]
[BlackElo "2089"]
[PlyCount "101"]
[EventDate "2009.09.27"]
[EventType "team-tourn"]
[EventRounds "11"]
[EventCountry "FRA"]
[SourceTitle "EXT 2011"]
[Source "ChessBase"]
[SourceDate "2010.11.26"]
[SourceVersion "1"]
[SourceVersionDate "2010.11.26"]
[SourceQuality "1"]

1. d4 e6 2. c4 f5 3. Nc3 Nf6 4. Nf3 Bb4 5. Qb3 Bxc3+ 6. bxc3 0-0 7. e3 b6 8. Be2 Nc6 9. 0-0 Bb7 10. Ba3 Na5 11. Qc2 d6 12. c5 Be4 13. Qd1 Nd5 14. Bb4 Nc6 15. cxd6 cxd6 16. Bc4 Ncxb4 17. cxb4 Rc8 18. Rc1 Qf6 19. a3 b5 20. Bb3 Qg6 21. Nh4 Qh6 22. Nf3 f4 23. Bxd5 Bxd5 24. Re1 Rxc1 25. Qxc1 Qg6 26. Nh4 Qg4 27. e4 Qxh4 28. exd5 exd5 29. Qc6 Qg5 30. Qxd6 f3 31. Qe6+ Kh8 32. g3 h6 33. h4 Qd2 34. Qe3 Qc2 35. Rc1 Qf5 36. Kh2 Qd7 37. Rc5 Rf5 38. Rc3 g5 39. g4 Rf7 40. Qe5+ Kh7 41. Kg3 gxh4+ 42. Kxh4 Kg8 43. Rc5 h5 44. gxh5 Rf5 45. Qb8+ Rf8 46. Qg3+ Kh8 47. Qe5+ Qg7 48. Qxg7+ Kxg7 49. Rxd5 Kf6 50. Kg4 a6 51. Rf5+ 1-0

[Event "FRA-chT1A 0809"]
[Site "France"]
[Date "2009.04.05"]
[Round "11.6"]
[White "Verot, Melanie"]
[Black "Nass, Emile"]
[Result "0-1"]
[WhiteElo "2140"]
[BlackElo "2162"]
[PlyCount "72"]
[EventDate "2008.10.19"]
[EventType "team-tourn"]
[EventRounds "11"]
[EventCountry "FRA"]
[SourceTitle "EXT 2010"]
[Source "ChessBase"]
[SourceDate "2010.11.25"]
[SourceVersion "1"]
[SourceVersionDate "2010.11.25"]
[SourceQuality "1"]
[WhiteTeam "Cannes II"]
[BlackTeam "Mulhouse II"]
[WhiteTeamCountry "FRA"]
[BlackTeamCountry "FRA"]

1. d4 d5 2. c4 c6 3. Nc3 Nf6 4. e3 a6 5. Nf3 Bg4 6. cxd5 cxd5 7. Qb3 Nc6 8. Ne5 Bc8 9. Bd3 e6 10. 0-0 Nxe5 11. dxe5 Nd7 12. Qa4 Be7 13. e4 0-0 14. exd5 Nxe5 15. Be4 f5 16. Bc2 Qe8 17. Qxe8 Rxe8 18. Re1 Bf6 19. f4 Ng4 20. g3 Bd7 21. h3 Bd4+ 22. Kf1 Nf6 23. d6 Bc5 24. Rd1 Bc6 25. a3 Rad8 26. b4 Bxd6 27. Be3 Bc7 28. Bb3 Kf7 29. Rac1 Rxd1+ 30. Rxd1 Rd8 31. Bd4 Ne4 32. Nxe4 Bxe4 33. Kf2 Rxd4 34. Rxd4 Bb6 35. Ke3 Kf6 36. g4 g5 0-1

[Event "FRA-chT1A 0809"]
[Site "France"]
[Date "2009.03.14"]
[Round "8.8"]
[White "Verot, Melanie"]
[Black "Jeannerot, Lea"]
[Result "1/2-1/2"]
[WhiteElo "2140"]
[BlackElo "1936"]
[PlyCount "90"]
[EventDate "2008.10.19"]
[EventType "team-tourn"]
[EventRounds "11"]
[EventCountry "FRA"]
[SourceTitle "EXT 2010"]
[Source "ChessBase"]
[SourceDate "2010.11.25"]
[SourceVersion "1"]
[SourceVersionDate "2010.11.25"]
[SourceQuality "1"]
[WhiteTeam "Cannes II"]
[BlackTeam "Besancon TPG"]
[WhiteTeamCountry "FRA"]
[BlackTeamCountry "FRA"]

1. d4 d5 2. c4 e6 3. Nc3 Nf6 4. Bg5 Nbd7 5. e3 c6 6. Bd3 Qa5 7. Bxf6 Nxf6 8. Nge2 Bd6 9. h3 0-0 10. 0-0 dxc4 11. Bxc4 b5 12. Bd3 Rb8 13. Rc1 Bb7 14. e4 e5 15. dxe5 Bxe5 16. f4 Bxc3 17. Nxc3 Rfd8 18. e5 Nd5 19. Nxd5 Rxd5 20. Qc2 h6 21. Bh7+ Kh8 22. Be4 Rd2 23. Qb3 Qb6+ 24. Kh1 c5 25. Bxb7 Qxb7 26. Qg3 c4 27. f5 Rbd8 28. e6 R8d3 29. Qg4 Rd4 30. Qf3 Qxf3 31. Rxf3 fxe6 32. fxe6 Re4 33. a4 Rxe6 34. axb5 Rxb2 35. Rxc4 Rxb5 36. Rc7 a5 37. Ra7 Re1+ 38. Kh2 Ra1 39. h4 Ra4 40. Kh3 Rbb4 41. g3 Rb6 42. Rff7 Rg6 43. Rf8+ Kh7 44. Raa8 Rf6 45. Rfd8 Rf5 1/2-1/2